Avengers saga screen time - Statistiques

Statistiques générales
  • Ce quiz a été pris 692 fois
  • Le résultat moyen est 22 sur 30
Statistiques - réponses
Temps Personnage % Correct
104 Tony Stark
100%
79 Steve Rogers
99%
62 Bruce Banner
98%
58 Thor
97%
54 Natasha Romanoff
96%
10 Spider-Man
92%
40 Clint Barton
88%
38 Thanos
84%
21 Wanda Maximoff
84%
14 Star Lord
83%
21 Loki
82%
5 T'Challa
81%
21 Gamora
80%
4 Groot
78%
13 Vision
78%
12 Dr. Strange
77%
15 Rocket Racoon
77%
15 Scott Lang
76%
17 Nick Fury
71%
7 Drax
70%
6 Sam Wilson
68%
17 Nebula
66%
9 Pepper Potts
59%
13 Rhodey
57%
10 Ultron Prime
56%
5 Mantis
54%
9 Pietro Maximoff
52%
7 Maria Hill
41%
6 Agent Coulson
23%
5 Ebony Maw
10%
Aucun quiz correspondant
Distribution des résultats
% des personnes avec chaque résultat
Percentile par nombre de réponses
Votre historique - résultats
Vous n’avez pas pris ce quiz